[Event "OlliY Jubilee"]
[Site "SchemingMind.com"]
[Date "2021.06.14"]
[Round "-"]
[White "Arnold Jones"]
[Black "John Hamer"]
[Result "0-1"]
[WhiteCountry "ENG"]
[BlackCountry "ENG"]
[WhiteElo "1583"]
[WhiteRD "73"]
[BlackElo "1856"]
[BlackRD "66"]
[GameID "712430"]

1. d4 e6 2. Nf3 d5 3. e3 Nf6 4. c4 Bb4+ 5. Nc3 O-O 6. Bd3 c5 7. O-O Nc6 8. a3 Bxc3 9. bxc3 dxc4 10. Bxc4 Qc7
11. Bd3 e5 12. e4 exd4 13. cxd4 Nxd4 14. Nxd4 cxd4 15. f4 Qc6 16. Re1 Bg4 17. Qb3 Be6 18. Qb2 Rac8 19. Qxd4 a6 20. f5 Rfd8
21. Qe3 Ng4 22. Qg3 Qc3 23. Be3 Rxd3 24. Rac1 Qxa3 25. fxe6 Rxc1 26. exf7+ Kxf7 27. Qf4+ Kg8 28. Rxc1 Qxc1+ 29. Bxc1 Rd1+ 30. Qf1 Rxf1+
31. Kxf1 Nxh2+ 32. Ke2 b5 33. Kd3 Ng4 34. Kd4 a5 35. Bf4 a4 36. Bd2 a3 37. Kc5 Nf2 38. Kxb5 Nd1 39. Bf4 Nc3+ 40. Kb4 a2
41. Kxc3 a1=Q+ 42. Kd3 Qf1+ 43. Ke3 Qxg2 44. Kd4 h5 45. Bd6 h4 46. e5 Qd2+ 47. Kc5 h3 48. e6 h2
0-1

[Event "OlliY Jubilee"]
[Site "SchemingMind.com"]
[Date "2021.06.13"]
[Round "-"]
[White "John Hamer"]
[Black "Arnold Jones"]
[Result "1-0"]
[WhiteCountry "ENG"]
[BlackCountry "ENG"]
[WhiteElo "1856"]
[WhiteRD "66"]
[BlackElo "1583"]
[BlackRD "73"]
[GameID "712431"]

1. c4 Nf6 2. d4 e6 3. Nc3 d5 4. cxd5 exd5 5. Bg5 Bb4 6. e3 Bxc3+ 7. bxc3 Bf5 8. Nf3 Bg4 9. Qb1 Bxf3 10. gxf3 b6
11. Bg2 O-O 12. O-O h6 13. Bf4 Nbd7 14. Rd1 g5 15. Bg3 c6 16. Qd3 Nh5 17. Bd6 Re8 18. Rab1 Re6 19. Ba3 b5 20. Bh3 Rg6
21. Kh1 Ndf6 22. Bf5 Rg7 23. Rg1 Qa5 24. Rb3 Qc7 25. Qf1 Kh8 26. Bc5 a5 27. Rb2 a4 28. Qh3 Rag8 29. Rbb1 Qd8 30. Rg2 g4
31. Bxg4 Rg5 32. Rbg1 Nxg4 33. fxg4 Qd7 34. f4 Ng3+ 35. Rxg3 Kh7 36. fxg5 Rxg5 37. Bf8 Qe6 38. Rf3 Qg6 39. Be7 Qe4 40. Bxg5 Kg8
41. Bf6 Kf8 42. Qxh6+ Ke8 43. Qh8+
1-0

[Event "OlliY Jubilee"]
[Site "SchemingMind.com"]
[Date "2021.06.27"]
[Round "-"]
[White "ray winteringham"]
[Black "Rooksac"]
[Result "0-1"]
[WhiteCountry "ENG"]
[BlackCountry "USA"]
[WhiteElo "1511"]
[WhiteRD "50"]
[BlackElo "2033"]
[BlackRD "158"]
[GameID "712769"]

1. e4 e5 2. Bc4 Nf6 3. d3 Nc6 4. Bg5 h6 5. Bh4 g5 6. Bg3 d5 7. exd5 Nxd5 8. Qf3 Be6 9. Ne2 g4 10. Qe4 f5
0-1

[Event "OlliY Jubilee"]
[Site "SchemingMind.com"]
[Date "2021.06.28"]
[Round "-"]
[White "Rooksac"]
[Black "ray winteringham"]
[Result "1-0"]
[WhiteCountry "USA"]
[BlackCountry "ENG"]
[WhiteElo "2033"]
[WhiteRD "158"]
[BlackElo "1511"]
[BlackRD "50"]
[GameID "712770"]

1. e4 g6 2. d4 Bg7 3. Nc3 e6 4. h4 d5 5. Nf3 Ne7 6. h5 b6 7. h6 Bf8 8. Bg5 Bb7 9. Bf6 Rg8 10. Ng5 dxe4
11. Nxh7 Nbc6 12. Nxf8 Rxf8 13. h7 Nxd4 14. h8=Q Rxh8 15. Rxh8+ Kd7 16. Qxd4+
1-0

[Event "OlliY Jubilee"]
[Site "SchemingMind.com"]
[Date "2021.07.05"]
[Round "-"]
[White "frankly"]
[Black "Jari Laine"]
[Result "1/2-1/2"]
[WhiteCountry "ENG"]
[BlackCountry "FIN"]
[WhiteElo "2571"]
[WhiteRD "80"]
[BlackElo "2504"]
[BlackRD "81"]
[GameID "713036"]

1. d4 d5 2. c4 e6 3. Nf3 Nf6 4. Nc3 Bb4 5. Qa4+ Nc6 6. e3 O-O 7. Qc2 Re8 8. Bd2 Bf8 9. a3 e5 10. dxe5 Nxe5
11. cxd5 Nxd5 12. Nxe5 Rxe5 13. e4 Nxc3 14. Bxc3 Re8 15. Bd3 Bd6 16. O-O-O Qg5+ 17. Kb1 Be5 18. g3 Bxc3 19. Qxc3 Bg4 20. f4 Qf6
21. Qxf6 gxf6 22. Rd2 Re7 23. Kc1 Bf3 24. Re1 Rae8 25. Rc2 c6 26. Rc4 Rd8 27. Kc2 Bg4 28. Re3 Kg7 29. Rc5 Rc7 30. e5 Rcd7
31. exf6+ Kxf6 32. h3 Bxh3 33. Rh5 Be6 34. Rh6+ Kg7 35. Rxh7+ Kf6 36. Rh6+ Kg7 37. Rh7+ Kf6 38. Rh6+ Kg7=
1/2-1/2

[Event "OlliY Jubilee"]
[Site "SchemingMind.com"]
[Date "2021.07.05"]
[Round "-"]
[White "Jari Laine"]
[Black "frankly"]
[Result "1/2-1/2"]
[WhiteCountry "FIN"]
[BlackCountry "ENG"]
[WhiteElo "2514"]
[WhiteRD "78"]
[BlackElo "2567"]
[BlackRD "76"]
[GameID "713037"]

1. e4 c5 2. Nf3 Nc6 3. d4 cxd4 4. Nxd4 e5 5. Nb5 Nf6 6. N1c3 d6 7. Bg5 a6 8. Na3 b5 9. Nd5 Be7 10. Bxf6 Bxf6
11. c3 Rb8 12. Nc2 Bg5 13. Be2 O-O 14. O-O g6 15. Qd3 Be6 16. Rfd1 Kg7 17. Nde3 Qb6 18. b4 Rfc8 19. g3 a5 20. Nd5 Qb7
21. h4 Bd8 22. h5 axb4 23. cxb4 Bg5 24. a4 bxa4 25. Rxa4 Ne7 26. Nce3 Bxd5 27. Nxd5 Nxd5 28. Qxd5 Qxd5 29. Rxd5 Rc1+ 30. Kg2 Rc2
31. Kf1 Rc1+ 32. Kg2 Rc2 33. Kf1=
1/2-1/2

[Event "OlliY Jubilee"]
[Site "SchemingMind.com"]
[Date "2021.07.08"]
[Round "-"]
[White "JAHI"]
[Black "Rubén Pulido "]
[Result "0-1"]
[WhiteCountry "INT"]
[BlackCountry "CUB"]
[WhiteElo "2003"]
[WhiteRD "66"]
[BlackElo "2477"]
[BlackRD "78"]
[GameID "713231"]

1. a3 Nf6 2. d3 d5 3. g3 c5 4. Bg2 Nc6 5. h3 e5 6. Bg5 Be6 7. Nd2 Be7 8. Bxf6 Bxf6 9. h4 O-O 10. Nh3 h6
11. Kf1 Qd7 12. Kg1 Rad8 13. Qf1 Rfe8 14. Re1 e4 15. c3 Bf5 16. dxe4 dxe4 17. Nc4 Be6 18. Ne3 Qd2 19. Nf4= Bb3 20. Rb1 Be5
21. Qc1 Qd7 22. Qf1 Qc7 23. Nh3 Bd6 24. c4 b6 25. g4 Nd4 26. g5 Qb7 27. Re1 b5 28. cxb5 Re6 29. gxh6 gxh6 30. a4 f5
31. h5 Qg7 32. Rc1 Kh8 33. Rc3 Bxa4 34. Nd5 Qg4 35. Ndf4 Bxf4 36. Nxf4 Qxf4 37. e3 Qe5 38. exd4 cxd4 39. Rc1 d3 40. b6 d2
41. bxa7 e3 42. Rb1 exf2+ 43. Qxf2 d1=Q+ 44. Rxd1 Rxd1+ 45. Bf1 Re8 46. Rh2 Bc6 47. a8=Q Bxa8 48. Rg2 Bxg2 49. Qxg2 Rxf1+ 50. Qxf1 Qg3+
51. Kh1 Re4 52. Qxf5 Rh4+ 53. Qh3 Rxh3#
0-1

[Event "OlliY Jubilee"]
[Site "SchemingMind.com"]
[Date "2021.07.08"]
[Round "-"]
[White "Rubén Pulido "]
[Black "JAHI"]
[Result "1-0"]
[WhiteCountry "CUB"]
[BlackCountry "INT"]
[WhiteElo "2477"]
[WhiteRD "78"]
[BlackElo "2003"]
[BlackRD "66"]
[GameID "713232"]

1. Nf3 f6 2. e4 e6 3. d4 f5 4. exf5 exf5 5. Bd3 g6 6. O-O Bg7 7. Re1+ Kf8 8. Nc3 c6 9. d5 d6 10. dxc6 bxc6
11. Bc4 Nf6 12. Qd4 d5 13. Qc5+ Kg8 14. Bg5 Bf8= 15. Bxf6 Bxc5 16. Bxd8 dxc4= 17. Bf6 Nd7 18. Bxh8 Kxh8 19. Rad1 Nf6 20. Rd8+ Kg7
21. Na4 Bb4 22. c3 Bf8 23. Re5 c5 24. Ng5 Bb7 25. Rxa8 Bxa8 26. Ne6+ Kg8 27. Nxf8 Kxf8 28. Rxc5 Bd5 29. Ra5 Ke8 30. Rxa7 Nd7
31. Rxd7 Kxd7 32. Nb6+ Kc6 33. Nxd5 Kxd5 34. f4 Kc5 35. h4 Kd5 36. a4 Kc5 37. Kf2 Kd5 38. a5 Kc6 39. Ke3 Kc5 40. a6 Kb6
41. Kd4 Kxa6 42. Kxc4 Kb6 43. Kd5 Kb5 44. c4+ Kb6 45. c5+ Kc7 46. c6 h6 47. Kc5 h5 48. b4 Kd8 49. Kd6 Kc8 50. b5 Kb8
51. b6 Kc8 52. Ke7 Kb8 53. Kd7 Ka8 54. Kc7 g5 55. b7+ Ka7 56. b8=Q+ Ka6 57. Qb6#
1-0

[Event "OlliY Jubilee"]
[Site "SchemingMind.com"]
[Date "2021.07.14"]
[Round "-"]
[White "John Hamer"]
[Black "The Stonewall"]
[Result "0-1"]
[WhiteCountry "ENG"]
[BlackCountry "ENG"]
[WhiteElo "1836"]
[WhiteRD "67"]
[BlackElo "2385"]
[BlackRD "75"]
[GameID "713329"]

1. e4 d5 2. d4 Nc6 3. e5 Bf5 4. Nf3 e6 5. Be2 f6 6. Bf4 Nge7 7. h3 Ng6 8. Bg3 fxe5 9. dxe5 Bc5 10. O-O O-O
11. c3 Qe7 12. b4 Bb6 13. Nbd2 a6 14. a4 Nd8 15. a5 Ba7 16. Re1 Rc8 17. Nb3 c5 18. bxc5 Bxc5 19. Qd2 Nf7 20. h4 Bg4
21. Nfd4= Bxe2 22. Rxe2 Qd7
0-1

[Event "OlliY Jubilee"]
[Site "SchemingMind.com"]
[Date "2021.07.15"]
[Round "-"]
[White "The Stonewall"]
[Black "John Hamer"]
[Result "1-0"]
[WhiteCountry "ENG"]
[BlackCountry "ENG"]
[WhiteElo "2407"]
[WhiteRD "76"]
[BlackElo "1842"]
[BlackRD "67"]
[GameID "713330"]

1. c4 Nf6 2. Nc3 g6 3. d4 Bg7 4. e4 d6 5. Nf3 O-O 6. Be2 Nbd7 7. Be3 e5 8. O-O Re8 9. d5 b6 10. b4 Bb7
11. Nd2 Qe7 12. Nb3 Rab8 13. Qd2 Rbc8 14. a4 a6 15. f3 Red8 16. a5 Kh8 17. Na4 Ba8= 18. axb6 cxb6 19. Nxb6 Rb8 20. Nxa8 Rxa8
21. c5 Rdb8 22. c6 Nb6 23. Bxa6 Qd8 24. Rfc1 Qc7 25. b5 Ne8 26. Na5 Ra7 27. Qf2 Bf6 28. Nb7
1-0

[Event "OlliY Jubilee"]
[Site "SchemingMind.com"]
[Date "2021.10.03"]
[Round "-"]
[White "Olli Ylönen"]
[Black "Phillip Beckett"]
[Result "1-0"]
[WhiteCountry "FIN"]
[BlackCountry "ENG"]
[WhiteElo "1920"]
[WhiteRD "140"]
[BlackElo "1488"]
[BlackRD "55"]
[GameID "715889"]

1. e4 e5 2. Nf3 Nc6 3. Bb5 a6 4. Ba4 Nf6 5. O-O Be7 6. Re1 b5 7. Bb3 O-O 8. c3 d5 9. exd5 Nxd5 10. Nxe5 Nxe5
11. Rxe5 Nf6 12. d4 Bd6 13. Re1 Ng4 14. g3 Nxh2 15. Qh5 Ng4 16. Nd2 Nf6 17. Qh1 Bg4 18. Nf1 Qd7 19. Bg5 Nh5 20. Bc2 Rae8
21. Ne3 Rxe3 22. Bxe3 Bxg3 23. fxg3 Nxg3 24. Qxh7#
1-0

[Event "OlliY Jubilee"]
[Site "SchemingMind.com"]
[Date "2021.10.03"]
[Round "-"]
[White "Phillip Beckett"]
[Black "Olli Ylönen"]
[Result "0-1"]
[WhiteCountry "ENG"]
[BlackCountry "FIN"]
[WhiteElo "1468"]
[WhiteRD "56"]
[BlackElo "1912"]
[BlackRD "139"]
[GameID "715890"]

1. e4 c5 2. Nf3 d6 3. d4 cxd4 4. Nxd4 Nf6 5. Nc3 a6 6. Bg5 e6 7. f4 Be7 8. Qf3 O-O 9. O-O-O b5 10. g4 Bd7
11. e5 b4 12. exf6 gxf6 13. Bh6 bxc3 14. Bxf8 cxb2+ 15. Kxb2 Qb6+ 16. Ka1 Bxf8 17. Nb3 Bc6 18. Qf2 Qxf2
0-1

[Event "OlliY Jubilee"]
[Site "SchemingMind.com"]
[Date "2021.11.16"]
[Round "-"]
[White "Rubén Pulido "]
[Black "Rooksac"]
[Result "1-0"]
[WhiteCountry "CUB"]
[BlackCountry "USA"]
[WhiteElo "2476"]
[WhiteRD "91"]
[BlackElo "1958"]
[BlackRD "96"]
[GameID "717340"]

1. e4 e5 2. Nf3 Nc6 3. Bb5 a6 4. Ba4 Nf6 5. O-O Be7 6. Re1 b5 7. Bb3 O-O 8. c3 d5 9. exd5 Nxd5 10. Nxe5 Nxe5
11. Rxe5 c6 12. d4 Bd6 13. Re1 Qh4 14. g3 Qh3 15. Qe2 Bg4 16. Qf1 Qh5 17. Nd2 Bh3 18. Bd1
1-0

[Event "OlliY Jubilee"]
[Site "SchemingMind.com"]
[Date "2021.11.16"]
[Round "-"]
[White "Rooksac"]
[Black "Rubén Pulido "]
[Result "0-1"]
[WhiteCountry "USA"]
[BlackCountry "CUB"]
[WhiteElo "1958"]
[WhiteRD "96"]
[BlackElo "2476"]
[BlackRD "91"]
[GameID "717341"]

1. e4 c5 2. Nf3 d6 3. d4 cxd4 4. Nxd4 Nf6 5. Nc3 a6 6. Bg5 Nbd7 7. Bc4 Qb6 8. Bb3 e6 9. Bxf6 Nxf6 10. Qd2 Nd7
11. O-O-O Nc5 12. f4 Bd7 13. Kb1 O-O-O 14. f5 Kb8 15. fxe6 fxe6 16. Qe3 Nxb3
0-1

[Event "OlliY Jubilee"]
[Site "SchemingMind.com"]
[Date "2021.12.10"]
[Round "-"]
[White "FcoRego"]
[Black "Helga1946"]
[Result "0-1"]
[WhiteCountry "ESP"]
[BlackCountry "GER"]
[WhiteElo "2057"]
[WhiteRD "84"]
[BlackElo "2289"]
[BlackRD "75"]
[GameID "718201"]

1. c4 e5 2. g3 Nc6 3. Bg2 Nf6 4. Nc3 Bb4 5. Nd5 O-O 6. Nf3 e4 7. Nh4 d6 8. O-O g5 9. d4 h6 10. Nxb4 Nxb4
11. f3 gxh4 12. Bxh6 hxg3 13. Qd2 Nh5 14. fxe4 gxh2+ 15. Kxh2 Qh4+ 16. Kg1 Re8 17. Bg5 Qg4 18. Rf3 Re6 19. Raf1 Rg6 20. Rxf7 Be6
21. R7f2 Rxg5 22. Qxb4 Nf4
0-1

[Event "OlliY Jubilee"]
[Site "SchemingMind.com"]
[Date "2021.12.10"]
[Round "-"]
[White "Helga1946"]
[Black "FcoRego"]
[Result "1-0"]
[WhiteCountry "GER"]
[BlackCountry "ESP"]
[WhiteElo "2289"]
[WhiteRD "74"]
[BlackElo "2065"]
[BlackRD "90"]
[GameID "718202"]

1. e4 c5 2. Nc3 Nc6 3. Nf3 g6 4. Bb5 d6 5. d4 cxd4 6. Qxd4 Nf6 7. e5 dxe5 8. Bxc6+ bxc6 9. Qxd8+ Kxd8 10. Nxe5 Be6
11. Nxc6+ Kc7 12. Nd4 Bc4 13. Bf4+ Kb7 14. Nb3 a5 15. O-O-O h5 16. Rd4 Bxb3 17. axb3 Bh6 18. Bxh6 Rxh6 19. Re1 e6 20. h4 Rh7
21. Re5 Ng4 22. Rb5+ Kc6 23. Rc4+ Kd7 24. Ne4 Ke7 25. Rb7+ Kf8 26. Rcc7 Nh6 27. Ng5
1-0

[Event "OlliY Jubilee"]
[Site "SchemingMind.com"]
[Date "2022.01.24"]
[Round "-"]
[White "Jari Laine"]
[Black "Olli Ylönen"]
[Result "1-0"]
[WhiteCountry "FIN"]
[BlackCountry "FIN"]
[WhiteElo "2560"]
[WhiteRD "80"]
[BlackElo "1846"]
[BlackRD "148"]
[GameID "719866"]

1. e4 c5 2. Nc3 d6 3. d4 cxd4 4. Qxd4 Nc6 5. Qd2 Nf6 6. b3 e6 7. Bb2 a6 8. O-O-O b5 9. f3 Be7 10. Kb1 O-O
11. g4 Nd7 12. h4 b4 13. Na4 Bb7 14. g5 a5 15. Nh3 Nce5 16. f4 Bxe4 17. fxe5 Bxh1 18. exd6 Bxd6 19. Qxd6 Bd5 20. Bb5 Nb8
21. Qe5 f6 22. gxf6 Qxf6 23. Rxd5 Nc6 24. Qd6 Qf7 25. Ng5
1-0

[Event "OlliY Jubilee"]
[Site "SchemingMind.com"]
[Date "2022.08.08"]
[Round "-"]
[White "Derek Price"]
[Black "Helga1946"]
[Result "1/2-1/2"]
[WhiteCountry "ENG"]
[BlackCountry "GER"]
[WhiteElo "2381"]
[WhiteRD "66"]
[BlackElo "2414"]
[BlackRD "73"]
[GameID "725839"]

1. c4 e5 2. Nc3 Nf6 3. g3 Bc5 4. Bg2 Nc6 5. e3 d6 6. Nge2 Bb6 7. O-O h5 8. h3 O-O 9. d4 Re8 10. b3 Bf5
11. a3 a6 12. Kh2 Bg6 13. Ra2 Na5 14. b4 Nxc4 15. Bxb7 a5 16. b5 Rb8 17. Bc6 d5 18. Bxe8 Qxe8 19. dxe5 Qxe5 20. f4 Qe6
21. f5 Bxf5 22. Nf4 Qd7 23. Ncxd5 Nxd5 24. Qxd5 Qxd5 25. Nxd5 Be4 26. Nxb6 cxb6 27. g4 hxg4 28. hxg4 Rd8 29. Rf4 Re8 30. g5 a4
31. Raf2 Bd5 32. Rc2 Rc8 33. Rd4 Be6 34. Rh4 Rc5 35. Rd4 Kh7 36. e4 Ne5 37. Rxc5 Nf3+ 38. Kg3 Nxd4 39. Rc7 Nxb5 40. Rc6 Nd4
41. Rc7 Kg6 42. Bb2 Ne2+ 43. Kh4 Ng1 44. Rc3 b5 45. Rg3 Ne2 46. Rf3 Ng1 47. Rf2 Bc4 48. Kg4 Be6+ 49. Kg3 Kxg5 50. Bxg7 Nh3
51. Rg2 Kh5 52. Bf6 Ng5 53. Kf4 Nh7 54. Bd4 Bb3 55. Rg7 Kh6 56. Rg3 Kh5 57. Rg1 Be6 58. Rg8 Bc4 59. Rd8 Kh6 60. Kg4 Be2+
61. Kf5 Bc4 62. Kg4 Be2+ 63. Kf5=
1/2-1/2

[Event "OlliY Jubilee"]
[Site "SchemingMind.com"]
[Date "2022.08.08"]
[Round "-"]
[White "Helga1946"]
[Black "Derek Price"]
[Result "0-1"]
[WhiteCountry "GER"]
[BlackCountry "ENG"]
[WhiteElo "2414"]
[WhiteRD "73"]
[BlackElo "2381"]
[BlackRD "66"]
[GameID "725840"]

1. Nf3 Nf6 2. c4 g6 3. d4 Bg7 4. Nc3 O-O 5. e4 d6 6. Be2 e5 7. O-O Nc6 8. d5 Ne7 9. h3 Ne8 10. Bd3 f5
11. Re1 f4 12. b4 h6 13. a4 g5 14. c5 Nf6 15. Ba3 Ng6 16. b5 g4 17. hxg4 Nxg4 18. Nb1 Rf7 19. Nbd2 Bf8 20. Kf1 Nh4
21. Ke2 Nxf3 22. Nxf3 dxc5 23. Qb3 Bd6 24. Rh1 Rg7 25. Bb2 Bd7 26. Bc4 Qf6 27. Nh4 Kf7 28. Bd3 Rag8 29. Raf1 Ke8 30. Kd2 b6
31. Bc4 Qe7 32. Kc1 Nf6 33. Bd3 Rg5 34. Bc3 Rh5 35. f3 Rhg5 36. Re1 Nh5 37. Nf5 Bxf5 38. exf5 Kd8 39. a5 Qg7 40. Qa4 Kd7
41. Kb1 Re8 42. Bb2 Ng3 43. Rh4 Qf8 44. Be4 Nxf5 45. Rh2 Qf7 46. Bc1 Reg8 47. Reh1 Ng3 48. axb6 axb6 49. Re1 Nxe4 50. Qxe4 Qg6
51. Qxg6 R8xg6 52. Re2 Rg8 53. Kc2 h5 54. Bd2 Ra8 55. Kb3 Ra1 56. Bc3 Rd1 57. Rd2 Rb1+ 58. Kc4 e4 59. fxe4 Re1
0-1

[Event "OlliY Jubilee"]
[Site "SchemingMind.com"]
[Date "2022.08.18"]
[Round "-"]
[White "Jari Laine"]
[Black "Rubén Pulido "]
[Result "1/2-1/2"]
[WhiteCountry "FIN"]
[BlackCountry "CUB"]
[WhiteElo "2553"]
[WhiteRD "86"]
[BlackElo "2516"]
[BlackRD "108"]
[GameID "726032"]

1. e4 c5 2. Nc3 Nc6 3. Bb5 Nd4 4. Nf3 a6 5. Bd3 g6 6. Rb1 Nc6 7. a3 Bg7 8. O-O Nf6 9. b4 cxb4 10. axb4 b5
11. Nd5 O-O 12. c4 bxc4 13. Nxf6+ Bxf6 14. Bxc4 e6 15. b5 axb5 16. Bxb5 Nd4 17. Nxd4 Bxd4 18. d3 Bb7 19. Bh6 Bg7 20. Bd2 Qc7
21. Qc1 Qxc1 22. Rfxc1 Rfc8 23. Bxd7 Rxc1+ 24. Rxc1 Ba6 25. Be3 Bxd3 26. f3=
1/2-1/2

[Event "OlliY Jubilee"]
[Site "SchemingMind.com"]
[Date "2022.08.18"]
[Round "-"]
[White "Rubén Pulido "]
[Black "Jari Laine"]
[Result "1/2-1/2"]
[WhiteCountry "CUB"]
[BlackCountry "FIN"]
[WhiteElo "2516"]
[WhiteRD "108"]
[BlackElo "2553"]
[BlackRD "86"]
[GameID "726033"]

1. Nf3 c5 2. c4 Nc6 3. Nc3 g6 4. e3 Nf6 5. d4 cxd4 6. exd4 d5 7. cxd5 Nxd5 8. Qb3 Nxc3 9. Bc4 Nd5 10. Bxd5 e6
11. Bxc6+ bxc6 12. O-O Qd5 13. Qc2 Bg7 14. b3 O-O 15. Ba3 Re8 16. Rfd1 Ba6 17. Bc5 Red8 18. Rac1 Bh6 19. Re1 Qf5 20. Qxf5 exf5
21. Rc3 Bc8 22. Be7 Rd7 23. Bf6 Bb7 24. h4 Rc8 25. Re7 Rcd8 26. Re5 Rc8 27. Re7 Rcd8 28. Re5 Rc8 29. Re2 Bf8 30. Rce3 c5
31. dxc5 Rxc5 32. Re8 Rc1+ 33. Kh2 Bxf3 34. gxf3 f4 35. Bb2=
1/2-1/2

[Event "OlliY Jubilee"]
[Site "SchemingMind.com"]
[Date "2023.03.06"]
[Round "-"]
[White "The Stonewall"]
[Black "Derek Price"]
[Result "1/2-1/2"]
[WhiteCountry "ENG"]
[BlackCountry "ENG"]
[WhiteElo "2323"]
[WhiteRD "72"]
[BlackElo "2364"]
[BlackRD "72"]
[GameID "731907"]

1. e4 c5 2. c3 Nf6 3. e5 Nd5 4. Nf3 Nc6 5. d4 cxd4 6. cxd4 d6 7. Bc4 Nb6 8. Bb5 Bd7 9. exd6 e6 10. Bg5 f6
11. Bd2 Bxd6 12. O-O O-O 13. Nc3 a6 14. Be2 Be8 15. Be3 Bf7 16. Rc1 Rc8 17. Re1 Re8 18. a3 Bb8 19. Qb3 Qc7 20. Red1 h6
21. h3 Na5 22. Qb4 Nc6 23. Qb3 Red8 24. Qc2 Qe7 25. Qb3 Bc7 26. Qc2 Na5 27. Bd3 f5 28. Ne5 Be8 29. b4 Bxe5 30. dxe5 Na4
31. Bd2 Nxc3 32. Bxc3 Nc4 33. Bxc4 Rxc4=
1/2-1/2

[Event "OlliY Jubilee"]
[Site "SchemingMind.com"]
[Date "2023.03.07"]
[Round "-"]
[White "Derek Price"]
[Black "The Stonewall"]
[Result "1/2-1/2"]
[WhiteCountry "ENG"]
[BlackCountry "ENG"]
[WhiteElo "2364"]
[WhiteRD "72"]
[BlackElo "2323"]
[BlackRD "72"]
[GameID "731908"]

1. c4 Nf6 2. g3 g6 3. Bg2 Bg7 4. Nc3 O-O 5. d4 d6 6. Nf3 c5 7. O-O Nc6 8. dxc5 dxc5 9. Be3 Be6 10. Qa4 Nd4
11. Rac1 a6 12. Qd1 Ng4 13. Bf4 Bxc4 14. h3 e5 15. Bd2 Nxf3+ 16. Bxf3 Nf6 17. Be3 Qe7 18. Na4 Rfd8 19. Qc2 Bb5 20. Bxc5 Qe6
21. Nc3 Qxh3 22. Nxb5 axb5 23. Be7 Rd7 24. Bxf6 Bxf6 25. Rfd1 Kg7 26. Rxd7=
1/2-1/2

[Event "OlliY Jubilee"]
[Site "SchemingMind.com"]
[Date "2023.06.18"]
[Round "-"]
[White "Derek Price"]
[Black "Rubén Pulido "]
[Result "1/2-1/2"]
[WhiteCountry "ENG"]
[BlackCountry "CUB"]
[WhiteElo "2393"]
[WhiteRD "74"]
[BlackElo "2511"]
[BlackRD "104"]
[GameID "734941"]

1. c4 e5 2. Nc3 Nf6 3. g3 Bb4 4. Bg2 O-O 5. Nf3 e4 6. Nd4 Re8 7. O-O Nc6 8. Nc2 Bxc3 9. dxc3 h6 10. Ne3 d6
11. b3 a5 12. a4 Be6 13. f4 exf3 14. exf3 d5 15. cxd5 Bxd5 16. Re1 Be6 17. Qc2 Qb8 18. Nf1 Nd5 19. Kh1 Qa7 20. f4 Nf6
21. Be3 Qa6 22. Rad1 Rad8 23. Rxd8 Rxd8 24. h3 h5 25. Kh2 Rd7 26. Rd1 Bf5 27. Qc1 Re7 28. Bf2 Be4 29. Ne3 b6 30. Bf1 Qc8
31. Rd2 Re8 32. Bb5 Rd8 33. Be2 Qe6 34. Bc4 Qc8 35. Be2 Qe6 36. Bc4 Qe7 37. Nf1 Rxd2 38. Nxd2 Bf5 39. Qf1 Qd7 40. Nf3 Ne4
41. Bb5 Qd5 42. Bc4 Qd7 43. Bb5 Qd5 44. Bc4 Qd8 45. Nh4 Bh7 46. Qe2 Qd7 47. Be1 Nd6 48. Bd5 Qe7 49. Qd1 Be4 50. Ng2 Nb8
51. Bxe4 Qxe4 52. Qxh5 Nd7 53. Qd1 Nc5 54. Kg1 Qd3 55. Qxd3 Nxd3 56. b4 Nxe1 57. Nxe1 Ne4=
1/2-1/2

[Event "OlliY Jubilee"]
[Site "SchemingMind.com"]
[Date "2023.06.18"]
[Round "-"]
[White "Rubén Pulido "]
[Black "Derek Price"]
[Result "1-0"]
[WhiteCountry "CUB"]
[BlackCountry "ENG"]
[WhiteElo "2530"]
[WhiteRD "105"]
[BlackElo "2372"]
[BlackRD "74"]
[GameID "734942"]

1. e4 c5 2. Nf3 d6 3. d4 cxd4 4. Nxd4 Nf6 5. Nc3 a6 6. Be3 e5 7. Nb3 Be6 8. h3 Be7 9. f4 exf4 10. Bxf4 Nc6
11. Qe2 Nd7 12. O-O-O Nce5 13. Kb1 Rc8 14. Qe3 O-O 15. g4 Qc7 16. Nd4 b5 17. Nd5 Bxd5 18. exd5 Nb6 19. Qb3 h6 20. Nf5 Bf6
21. h4 Nec4 22. Bxc4 Nxc4 23. Bc1 Be5 24. Qd3 a5 25. Rhe1 Rfe8 26. Re4 Qc5 27. a3 Rc7 28. Rf1 Rb8 29. Be3 Nxe3 30. Nxe3 Rbc8
31. Nf5 Rb8 32. Ne3 Re8 33. Nf5 Rb8 34. Qd2 Rbc8 35. Ne3 Rd7= 36. Qxa5 Ra7 37. Qb4 Qc7 38. Qd2 Ra4 39. Qd3 Qb7 40. h5 Rcc4
41. Rxe5 dxe5 42. Nxc4 bxc4 43. Qf3 c3 44. Qxc3 Qxd5 45. Qf3 Qe6 46. Qb3 Rc4 47. Rf5 e4 48. Ra5 Qc8 49. Rb5 Kh7 50. Rb8 Qe6
51. Rd8 e3 52. Qb8 g6 53. hxg6+ Kxg6 54. Rd6 Re4 55. Qg8+ Kf6 56. Rxe6+ Rxe6 57. Qh8+ Kg6 58. Qc3 e2 59. Qe1 Kg5 60. Kc1 Kxg4
61. Kd2 f5 62. b4 f4 63. Qxe2+ Rxe2+ 64. Kxe2 f3+ 65. Kf2
1-0